LIBRARY ONLINE CATALOGUE

Walking in Kenyatta struggles. (Record no. 7105)

MARC details
000 -LEADER
fixed length control field 00645nam a22002172 4500
001 - CONTROL NUMBER
control field 0000005881
005 - DATE AND TIME OF LATEST TRANSACTION
control field 20151217152007.0
008 - FIXED-LENGTH DATA ELEMENTS--GENERAL INFORMATION
fixed length control field 070806s xx 000 0 eng d
020 ## - INTERNATIONAL STANDARD BOOK NUMBER
International Standard Book Number 9966710590 :
Terms of availability KES 1,950
040 ## - CATALOGING SOURCE
Original cataloging agency KABU
Transcribing agency KABU
050 #0 - LIBRARY OF CONGRESS CALL NUMBER
Classification number DT433.582
Item number .N34A3
100 1# - MAIN ENTRY--PERSONAL NAME
Personal name Ndegwa, Duncan Nderitu.
-- 0000159524
245 10 - TITLE STATEMENT
Title Walking in Kenyatta struggles.
260 ## - PUBLICATION, DISTRIBUTION, ETC. (IMPRINT)
Place of publication, distribution, etc. Nairobi :
Name of publisher, distributor, etc. Kenya Leadership Institute,
Date of publication, distribution, etc. 2006.
300 ## - PHYSICAL DESCRIPTION
Extent xi, 618 p.
600 10 - SUBJECT ADDED ENTRY--PERSONAL NAME
Personal name Ndegwa, Duncan Nderitu.
-- 0000159524
600 10 - SUBJECT ADDED ENTRY--PERSONAL NAME
Personal name Kenyatta, Jomo.
-- 0000103267
908 ## - PUT COMMAND PARAMETER (RLIN)
Put command parameter 070806
950 ## - LOCAL HOLDINGS (RLIN)
-- 1
Holdings
Withdrawn status Lost status Source of classification or shelving scheme Not for loan Home library Current library Date acquired Total Checkouts Full call number Barcode Date last seen Price effective from Koha item type
    Library of Congress Classification   Kabarak, Main Campus Kabarak, Main Campus 17/12/2015   DT433.582 .N34A3 c. 2 012173 17/12/2015 17/12/2015 General Collection
    Library of Congress Classification   Kabarak, Main Campus Kabarak, Main Campus 17/12/2015   DT433.582 .N34A3 c. 1 006562 17/12/2015 17/12/2015 Africana Collection